| 000 | 00352pab a2200145 454500 | ||
|---|---|---|---|
| 008 | 180718b2001 xxu||||| |||| 00| 0 eng d | ||
| 100 | _aBaral, J.K. | ||
| 245 | _aIndia's response to changed realities | ||
| 260 | _c2001 | ||
| 300 | _ap.37-54 | ||
| 362 | _aJul-Sep | ||
| 650 | _aInternational relations | ||
| 773 | _aIndia Quarterly | ||
| 909 | _a51723 | ||
| 999 |
_c51723 _d51723 |
||